Представление документа в формате MARC21

Поле Инд. ПП Название Значение
Тип записи a
Библиографический уровень m
001 Контрольный номер RU/LIBMSTU/328614061
005 Дата корректировки 20181218111019.7
008 Кодируемые данные 100601|||||||||ru |||||||||||000|||rus||
020 a ISBN 978-5-9571-0318-9
c Цена, тираж 280-00
040 b Код языка каталог. rus
041 0_ a Код языка текста rus
084 a Индекс другой классификации/Индекс ББК 65.012.1
090 a Полочн. индекс 65.012
x Авторский знак Л 99
100 1_ a Автор Ляшенко В. И.
245 10 a Заглавие Наноэкономика как перспективное направление интенсификации общественного воспроизводства
b Продолж. заглавия монография
c Ответственность Федер. агентство по образованию, ГОУ ВПО "Белгор. гос. ун-т"
260 a Место издания Белгород
b Издательство Изд-во БелГУ
c Дата издания 2008
300 a Объем 325, [1] с.
b Иллюстрации/ тип воспроизводства ил.
504 a Библиография Библиогр.: с. 299-326
650 04 a Основная рубрика Общественное воспроизводство-Интенсификация-Наноэкономика
651 _4 a Географическое наименование Россия
651 _4 a Географическое наименование Украина
651 _4 a Географическое наименование Страны СНГ
651 _4 a Географическое наименование Беларусь
653 0_ a Ключевые слова Интенсификация
a Ключевые слова Наноиндустрия
a Ключевые слова Наносистемная техника
a Ключевые слова Нанотехнологии
a Ключевые слова Наноэкономика
a Ключевые слова Научно-технический прогресс
a Ключевые слова Нейроэкономика
a Ключевые слова Общественное воспроизводство
a Ключевые слова СНГ
a Ключевые слова Содружество Независимых Государств
a Ключевые слова Монографии
700 12 a Другие авторы Павлов К. В.
901 t Тип документа m
952 c Вид литературы монография